La France de 1870 à 1918 : L'ancrage de la République (notice n° 2083972)

détails MARC
000 -LEADER
fixed length control field 01061cam a2200133 4500500
005 - DATE AND TIME OF LATEST TRANSACTION
control field 20260405005451.0
041 ## - LANGUAGE CODE
Language code of text/sound track or separate title fre
042 ## - AUTHENTICATION CODE
Authentication code dc
100 10 - MAIN ENTRY--PERSONAL NAME
Personal name Marcard, Françoise
Relator term author
245 00 - TITLE STATEMENT
Title La France de 1870 à 1918 : L'ancrage de la République
260 ## - PUBLICATION, DISTRIBUTION, ETC.
Name of publisher, distributor, etc. Armand Colin,<br/>
Date of publication, distribution, etc. 2014.<br/>
520 ## - SUMMARY, ETC.
Summary, etc. Selon le modèle de la collection, cet ouvrage combine les exposés didactiques (cours), les éléments d’information (fiches) et les outils de travail - annales, plans, glossaires, chronologies, cartes et schémas - autour de 6 thèmes : les Français et la République, la nation et l’identité nationale, la croissance, ruraux et citadins, passions et idéologies, la guerre.Les Français et la République. Nation, identité nationale et territoire. La marque de l’Occident. Vous avez dit croissance ? Ruraux et citadins. Passions et interrogations. La guerre, encore la guerre.
856 41 - ELECTRONIC LOCATION AND ACCESS
Uniform Resource Identifier <a href="https://shs.cairn.info/la-france-de-mille-huit-cent-soixante-dix-a-mille-neuf-cent-dix-huit--9782200014254?lang=fr&redirect-ssocas=7080">https://shs.cairn.info/la-france-de-mille-huit-cent-soixante-dix-a-mille-neuf-cent-dix-huit--9782200014254?lang=fr&redirect-ssocas=7080</a>

Pas d'exemplaire disponible.

PLUDOC

PLUDOC est la plateforme unique et centralisée de gestion des bibliothèques physiques et numériques de Guinée administré par le CEDUST. Elle est la plus grande base de données de ressources documentaires pour les Étudiants, Enseignants chercheurs et Chercheurs de Guinée.

Adresse

627 919 101/664 919 101

25 boulevard du commerce
Kaloum, Conakry, Guinée

Réseaux sociaux

Powered by Netsen Group @ 2025